| 000 | 00574nam a22001697a 4500 | ||
|---|---|---|---|
| 999 |
_c14508 _d14508 |
||
| 008 | 161003b xxu||||| |||| 00| 0 eng d | ||
| 020 | _a9780321500373 | ||
| 050 |
_aQC 32 _b.K73 2008 |
||
| 100 | _aKramer, Laird | ||
| 245 |
_aStudy guide, Sears & Zemansky's University physics/ _cLaird, Kramer |
||
| 250 | _a12th ed. | ||
| 260 |
_aSan francisco : _bPearson Addison Wesley, _c 2008. |
||
| 300 |
_avi, 517p. : _bill. ; _c27cm. |
||
| 440 | _vVol. 2 and 3 Chapter 21-44 | ||
| 500 | _aIncludes bibliography and index. | ||
| 650 | _aPhysics. | ||
| 942 |
_2lcc _cBOOKS _hQC 32 .K73 2008 |
||